000 00370nam a22001457a 4500
005 20251007151808.0
008 250930b |||||||| |||| 00| 0 eng d
020 _a978-81-969098-9-5
041 _aeng
100 _aGANDHI, MOHAN DAS KARAMCHAND
_98710
245 _aMERE SAPNO KA BHARAT
260 _aUTTAR PRADESH
_bAKSHAR PLANT
_c2024
300 _a284;P
942 _cBK
999 _c8863
_d8861